00934nam a22002537a 45000010005000000030006000050050017000110080041000280200018000690400029000870500016001160820010001321000029001422450080001712600049002513000048003004900035003485050008003835200186003915210020005775210020005976500030006177000033006473512FISKH20250826090338.0240314b cb ||||| |||| 00| 0 eng d a9789814281171 aFISKHbengcFISKHdFISKH aPS3537.M448 a428.6 aSmith, Annette eauthor  aThe ugly duckling / cRetold by Annette Smith ; illustrated by Pat Reynolds aNew Zealand :bNelson Price Milburn , c1998 a32 pages : bcolor illustrations ;c22 cm . aPM Traditional Tales and Plays aK  aA collection of simplified short versions of well known traditional tales. PM Tales and Plays retell the tale in story form and as plays in language that children can actually read.8 a520 bLexile 8 aK bRaz-Plus  augly ducklingvFairy tale aReynolds, Pat eillustrator